In Good Faith? (Record no. 351149)
[ view plain ]
| 000 -LEADER | |
|---|---|
| fixed length control field | 00674nam a2200145Ia 4500 |
| 008 - FIXED-LENGTH DATA ELEMENTS--GENERAL INFORMATION | |
| fixed length control field | 171212s9999 xx 000 0 und d |
| 020 ## - INTERNATIONAL STANDARD BOOK NUMBER | |
| International Standard Book Number | 9781921862106 |
| 100 ## - MAIN ENTRY--PERSONAL NAME | |
| Personal name | Mitchell, Jessie |
| 245 ## - TITLE STATEMENT | |
| Statement of responsibility, etc | Mitchell, Jessie |
| Title | In Good Faith? |
| Remainder of title | Governing Indigenous Australia through God, Charity and Empire, 1825-1855 |
| 260 ## - PUBLICATION, DISTRIBUTION, ETC. (IMPRINT) | |
| Name of publisher, distributor, etc | ANU E Press |
| Date of publication, distribution, etc | 2011 |
| 440 ## - SERIES STATEMENT/ADDED ENTRY--TITLE | |
| Title | Aboriginal History Monographs |
| 650 ## - SUBJECT ADDED ENTRY--TOPICAL TERM | |
| Topical term or geographic name as entry element | History |
| 650 ## - SUBJECT ADDED ENTRY--TOPICAL TERM | |
| Topical term or geographic name as entry element | Indigenous peoples -- Government relations; Philanthropinism; Aboriginal Australians -- Politics and government; Aboriginal Australians -- Social conditions -- 19th century; Colonization -- Australia |
| 856 ## - ELECTRONIC LOCATION AND ACCESS | |
| Uniform Resource Identifier | <a href="www.jstor.org/stable/10.2307/j.ctt24h7xh">www.jstor.org/stable/10.2307/j.ctt24h7xh</a> |
| Withdrawn status | Lost status | Damaged status | Home library | Current library | Date acquired | Total Checkouts | Date last seen | Price effective from | Koha item type |
|---|---|---|---|---|---|---|---|---|---|
| College Library | College Library | 12/12/2017 | 12/12/2017 | 12/12/2017 | Curriculum - Based eBooks |